Central Library OPAC University of Rajshahi

Tunisia today; (Record no. 14432)

MARC details
000 -LEADER
fixed length control field 00727nam a2200265 4500
001 - CONTROL NUMBER
control field 14432
003 - CONTROL NUMBER IDENTIFIER
rucl marc code BD-RjUL
005 - DATE AND TIME OF LATEST TRANSACTION
control field 20211208235628.0
008 - FIXED-LENGTH DATA ELEMENTS--GENERAL INFORMATION
fixed length control field 140206t1954 ctua b 000 0 eng
020 ## - INTERNATIONAL STANDARD BOOK NUMBER
International Standard Book Number 0837151694
035 ## - SYSTEM CONTROL NUMBER
System control number (BD-RjUL)14484
040 ## - CATALOGING SOURCE
Original cataloging agency DLC
Transcribing agency DLC
Modifying agency DLC
-- BD-RjUL
Language of cataloging eng
041 ## - LANGUAGE CODE
Language code of text/sound track or separate title eng
082 00 - DEWEY DECIMAL CLASSIFICATION NUMBER
Classification number 916.11
Author mark and year LAT
100 1# - MAIN ENTRY--PERSONAL NAME
Personal name Laitman, Leon.
9 (RLIN) 45012
245 10 - TITLE STATEMENT
Title Tunisia today;
Remainder of title crisis in North Africa /
260 ## - PUBLICATION, DISTRIBUTION, ETC. (IMPRINT)
Place of publication, distribution, etc. Westport, Conn. :
Name of publisher, distributor, etc. Greenwood Press ,
Date of publication, distribution, etc. c1954.
300 ## - PHYSICAL DESCRIPTION
Pagination 216 p. :
Illustrations illus. ;
Size 23 cm.
504 ## - BIBLIOGRAPHY, ETC. NOTE
Bibliography, etc Bibliography: p. 215-216.
650 ## - SUBJECT ADDED ENTRY--TOPICAL TERM
Topical term or geographic name as entry element Tunisia --Guide book
9 (RLIN) 45013
651 #0 - SUBJECT ADDED ENTRY--GEOGRAPHIC NAME
Geographic name Tunisia.
9 (RLIN) 45014
942 ## - ADDED ENTRY ELEMENTS (KOHA)
Source of classification or shelving scheme Dewey Decimal Classification
Koha item type Books
Holdings
Lost status Source of classification or shelving scheme Damaged status Not for loan Collection code Permanent Location Current Location Shelving location Date acquired Source of acquisition Cost, normal purchase price Total Checkouts Full call number Date last seen Copy number Koha item type
  Dewey Decimal Classification     Non-fiction Central Library, University of Rajshahi Central Library, University of Rajshahi   14/02/1963 Zeitlinger 28.00   916.11 LAT 1954 06/02/2014 C-2 Books